B D Chaurasias Human Anatomy (Record no. 158251)

MARC details
000 -LEADER
fixed length control field 00392nam a2200145Ia 4500
008 - FIXED-LENGTH DATA ELEMENTS--GENERAL INFORMATION
fixed length control field 230411s9999 xx 000 0 und d
020 ## - INTERNATIONAL STANDARD BOOK NUMBER
International Standard Book Number 978-93-85915-46-9
041 ## - LANGUAGE CODE
Language code of text/sound track or separate title eng
082 ## - DEWEY DECIMAL CLASSIFICATION NUMBER
Classification number A/611/GAR/B08658
100 ## - MAIN ENTRY--PERSONAL NAME
Personal name Garg Krishna Ed.
245 ## - TITLE STATEMENT
Title B D Chaurasias Human Anatomy
260 ## - PUBLICATION, DISTRIBUTION, ETC. (IMPRINT)
Name of publisher, distributor, etc. CBS Publishers & Distributors
Place of publication, distribution, etc. New Delhi
Date of publication, distribution, etc. 2016
300 ## - PHYSICAL DESCRIPTION
Extent 328p
Holdings
Withdrawn status Lost status Damaged status Not for loan Collection code Home library Current library Date acquired Vendor Cost, normal purchase price Bill number Total Checkouts Full call number Barcode Date last seen Date last checked out Cost, replacement price Bill Date Koha item type Original Barcode
          Smt. Bakul Tambat Institute of Nursing Education Smt. Bakul Tambat Institute of Nursing Education 16/01/2018 Samutkarsh 520.00 1537 1 A 611 GAR B08658 BTIN-BK-8658 15/01/2025 13/01/2025 384.80 08/01/2018 Books B08658